| 000 | 00603nam a2200217 a 4500 | ||
|---|---|---|---|
| 003 | PILC | ||
| 005 | 20160318102307.0 | ||
| 008 | 121001s19uu xx 00 eng d | ||
| 020 | _a9788183569477 | ||
| 050 |
_aG 155.A1 _b.C311 2011 |
||
| 100 | _aCarr, David. | ||
| 245 |
_aUrban tourism / _cby David Carr. |
||
| 250 | _a1st edition. | ||
| 260 |
_aNew Delhi, India : _bDiscovery Pub. House, _c2011. |
||
| 300 |
_a248 pages ; _c21 cm. |
||
| 500 | _aIncludes bibliographical references and index. | ||
| 650 | _aTourism. | ||
| 650 | _aCities and towns. | ||
| 942 |
_cBK _2lcc _kFOR |
||
| 999 |
_c22269 _d22269 |
||